000 01067nam a2200217 a 4500
008 120416s1980 ||||||||||||||||| || u
020 _a0256023603
050 _aHF 5681.B2 Mey
100 _aMeyer, Philip E
245 1 0 _aApplied accounting theory : a financial reporting perspective /
260 _aHomewood, Ill. :
_bRichard D. Irwin
_c1980
300 _axiv, 528p. : ill.
350 _a0.00
490 _aThe Willard J. Graham series in accounting
500 _aBibliography
650 _aFINANCIAL STATEMENTS--COPPERBELT UNIVERSITY
650 0 _aACCOUNTING--HANDBOOKS, MANUALS, ETC
995 _aANNEX COLLECTION (Main Library)
_D0.00
_e708904
_FCBU-MAIN LIBRARY (Kitwe)
_H1
_I30.15
_jHF 5681.B2 Mey
_M1
_UAVAILABLE
_y006809
_ZAnnex Low-Usage Collection
995 _aTEXTBOOKS (SB)
_D0.00
_e1760
_FCBU-SCHOOL TEXTBOOK COLLECTIONS
_H1
_I0.00
_jSCHOOL TEXTBOOK
_M3
_UAVAILABLE
_WSep 30, 2009
_y1760
_ZSchool Collections
995 _aTEXTBOOKS (SB)
_D0.00
_e1324
_FCBU-SCHOOL TEXTBOOK COLLECTIONS
_H1
_I0.00
_jSCHOOL TEXTBOOK
_M2
_UAVAILABLE
_WSep 15, 2009
_y1324
_ZSchool Collections
999 _c84270
_d84270